=LDR 00000nam 2200000 4500 =001 INLIS000000000044128 =005 20131008104903 =008 ***********************************ind** =035 ##$$a0010-101300000002050 =041 ##$$a ind =082 ##$$a 320.5 =090 ##$$a 320.5, TAM p =100 ##$$a Tamburaka, H. Rustam E =245 ##$$a Pendidikan Pancasila, Tinjauan filsafat Pancasila serta Etika profesi berdasarkan Pancasila, H. Rustam E. Tamburaka =260 ##$$a 1995 $b Jakarta =300 ##$$a xvi, 223 hlm., 21 cm =650 ##$$a Pancasila =850 ##$$a NBPNMAT =990 ##$$a 93722/BPAP-NTB/2014